LEADER 01265nam a2200265 i 4500 001 000000146134 003 CaOOAMICUS 005 20051216000000.0 008 051216s1982 it u000 u ita u 013 $a122815 040 $aSeMil$bita 100 1 $aBoccia, Lionello Giorgio.$0(OLS)http://semarc/name/58155 245 13$aLe armature di S. Maria delle Grazie di Curtatone di Mantova e l'armatura lombarda del '400 /$cLionello Giorgio Boccia. 260 $aBusto Arsizio :$bBramante,$ccopyr. 1982. 300 $a303 p. :$bill. ;$c32 cm. 490 0 $aArte e tecnica : collana enciclopedia delle arti applicate 500 $aContiene : Bibliografia citata. 650 4$aArmature - Curtatone - Santa Maria delle Grazie.$0(OLS)http://semarc/subject/28602 650 4$aArmature - Lombardia - Sec. 15.$0(OLS)http://semarc/subject/28603 830 0$aArte e tecnica.$0(OLS)http://semarc/title/19919 850 $aSeMil 852 $aSeMil$W1$xVenegono$y1$m5W XI 3$j98834$B98834$CSeMilBibl$Z2$F107156 $8I 961 $aLascito: Malvezzi Elio 996 $6245$aLe armature di S. Maria delle Grazie di Curtatone di Mantova e l'armatura lombarda del '400$9(OLS)http://semarc/title/213690 996 $6260$aBusto Arsizio :$bBramante$9(OLS)http://semarc/publisher/34063 LEADER 01112nam a2200253 i 4500 001 000000193164 003 CaOOAMICUS 005 20250514142141.0 008 101013s2010 it u000 u ita u 020 $a978-88-514-0786-5 040 $aSeMil$bita 245 10$aAnno A/1 :$bAvvento, Natale, dopo l'Epifania. 264 1$aMilano :$bÀncora,$c2010. 300 $a222 p. ;$c22 cm. 490 1 $aSussidi ambrosiani 773 0 $aManzi, Franco <1966- >$tParola della festa.$dMilano : Àncora, 2008-2011.$gAnno A$w()20595 830 0$aSussidi ambrosiani.$0(OLS)http://semarc/title/26542 850 $aSeMil 852 $aSeMil$W1$xVenegono$y1$m3KA E 6/1$j256916$B143738$CSeMilBibl$Z2$F156125 $81 961 $aOmaggio: Manzi don Franco. -- Con dedica autografa dell'autore (don Franco Manzi) alla Biblioteca del Seminario di Milano 996 $6020$a978-88-514-0786-5$9(OLS)http://semarc/number/184523 996 $6245$aAnno A/1 :$bAvvento, Natale, dopo l'Epifania$9(OLS)http://semarc/title/453786 996 $6264$aMilano :$bÀncora$9(OLS)http://semarc/publisher/29763